Pays qui contiennent « an » dans leur nom. Combien en trouverez-vous? - Statistiques

Statistiques générales
  • Ce quiz a été pris 114 fois
    72 depuis la dernière actualisation
  • Le résultat moyen est 24 sur 43
Statistiques - réponses
Pays qui contiennent « an » % Correct
Pakistan
93%
Kazakhstan
83%
Ouzbékistan
83%
France
81%
Afghanistan
79%
Turkménistan
79%
Canada
74%
Tadjikistan
74%
Iran
72%
Kirghizistan
71%
Azerbaïdjan
66%
Oman
66%
Andorre
62%
Irlande
62%
Soudan
62%
Finlande
60%
Islande
60%
Thaïlande
60%
Vatican
60%
Angola
59%
Liban
55%
Soudan du Sud
55%
Albanie
53%
Bhoutan
53%
Panama
48%
Danemark
47%
Ghana
45%
Bangladesh
43%
Birmanie| Myanmar
43%
Ouganda
43%
Tanzanie
43%
Guyana
41%
Nouvelle-Zélande
41%
Roumanie
41%
Jordanie
40%
Antigua-et-Barbuda
34%
Lituanie
34%
Mauritanie
33%
Rwanda
33%
Taïwan
33%
Vanuatu
31%
Botswana
28%
Sri lanka
24%
Aucun quiz correspondant
Distribution des résultats
% des personnes avec chaque résultat
Percentile par nombre de réponses
Votre historique - résultats
Vous n’avez pas pris ce quiz depuis la dernière actualisation